000 01395naa a2200289 a 4500
999 _c322691
_d322691
003 BLK
005 20250425095138.0
008 180829b bul||||| |||| 00| 0 bul d
020 _a978-954-742-251-3
040 _aBLK
041 _aBUL
_cBUL
080 _aФренска литература
_b821.133.1
_x-312.6
_z821.133.1-312.6
080 _aДруги видове песни. Изпълнители
_b784.7.071.2
_x(44)(092)(093.3)
_z784.7.071.2(44)(092)(093.3)
080 _aФренско-българска певица от арменски произход и киноактриса, родена в България
_b929 Вартан, Силви
_z929 Вартан, Силви
100 _aВартан, Силви
245 _aМежду сянката и светлината
_cСилви Вартан ; Със съдействието на Лионел Дюроа ; Прев. Даниела Костова
250 _a2. изд.
260 _bСлънце
_c2018
_aСофия
300 _a432 с.
_c20 см
380 _aX
500 _a1. изд. 2004. - Ориг. загл. Entre l'ombre et la lumiere / Sylvie Vartan
600 0 _9367881
_aВартан, Силви
700 _9273794
_aКостова, Даниела
_eпрев. от фр.
765 _aEntre l'ombre et la lumiere
942 _cKNG
_2udc
_n0
_045
944 _k30531
_lЦветелина Шанова